Non-Christian/Muslim Countries of the World - Statistics

General Stats
  • This quiz has been taken 146 times
  • The average score is 15 of 17
Answer Stats
Majority Religion Answer % Correct
Hinduism India
100%
Buddhism China
96%
Buddhism Japan
95%
Buddhism Laos
95%
Hinduism Nepal
95%
Buddhism Bhutan
94%
Buddhism Myanmar
94%
Buddhism Thailand
94%
Buddhism Vietnam
92%
Buddhism Cambodia
91%
Buddhism Sri Lanka
91%
Judaism Israel
90%
Other North Korea
84%
Buddhism Mongolia
82%
Buddhism Taiwan
81%
Buddhism Singapore
72%
Hinduism Mauritius
47%
No matching quizzes found
Score Distribution
Percent of People with Each Score
Percentile by Number Answered
Your Score History
You have not taken this quiz